Introducing architectural theory : (Record no. 26880)
[ view plain ]
| 000 -LEADER | |
|---|---|
| fixed length control field | 00760cam a22002175a 4500 |
| 005 - DATE AND TIME OF LATEST TRANSACTION | |
| control field | 20190525095036.0 |
| 008 - FIXED-LENGTH DATA ELEMENTS--GENERAL INFORMATION | |
| fixed length control field | 110802t2012 nyua frb 001 0 eng d |
| 020 ## - INTERNATIONAL STANDARD BOOK NUMBER | |
| International Standard Book Number | 9780415888387 |
| 040 ## - CATALOGING SOURCE | |
| Original cataloging agency | DLC |
| Language of cataloging | eng |
| Transcribing agency | DLC |
| Modifying agency | DLC |
| -- | EG-ScBUE |
| -- | EG-ScBUE |
| 082 04 - DEWEY DECIMAL CLASSIFICATION NUMBER | |
| Classification number | 720.1 |
| Item number | INT |
| Edition number | 22 |
| 245 00 - TITLE STATEMENT | |
| Title | Introducing architectural theory : |
| Remainder of title | debating a discipline / |
| Statement of responsibility, etc | edited by Korydon Smith. |
| 246 30 - VARYING FORM OF TITLE | |
| Title proper/short title | Debating a discipline |
| 260 ## - PUBLICATION, DISTRIBUTION, ETC. (IMPRINT) | |
| Place of publication, distribution, etc | New York : |
| Name of publisher, distributor, etc | Routledge / Taylor & Francis Group, |
| Date of publication, distribution, etc | c.2012. |
| 300 ## - PHYSICAL DESCRIPTION | |
| Extent | xix, 423 p. : |
| Other physical details | ill. ; |
| Dimensions | 24 cm. |
| 504 ## - BIBLIOGRAPHY, ETC. NOTE | |
| Bibliography, etc | Includes bibliographical references and index. |
| 650 #7 - SUBJECT ADDED ENTRY--TOPICAL TERM | |
| Topical term or geographic name as entry element | Architecture |
| General subdivision | Philosophy. |
| Source of heading or term | BUEsh |
| 9 (RLIN) | 13087 |
| 651 ## - SUBJECT ADDED ENTRY--GEOGRAPHIC NAME | |
| Source of heading or term | BUEsh |
| 653 ## - INDEX TERM--UNCONTROLLED | |
| Resource For college | Engineering, Architecture |
| Arrived date list | October2018 |
| 700 1# - ADDED ENTRY--PERSONAL NAME | |
| Personal name | Smith, Korydon H., |
| Dates associated with a name | 1977- |
| Relator term | editor. |
| 942 ## - ADDED ENTRY ELEMENTS (KOHA) | |
| Source of classification or shelving scheme | Dewey Decimal Classification |
| Withdrawn status | Item status | Source of classification or shelving scheme | Damaged status | Not for loan | Vendor | Home library | Current library | Shelving location | Date acquired | Source of acquisition | Cost, normal purchase price | Serial Enumeration / chronology | Total Checkouts | Full call number | Barcode | Checked out | Date last seen | Date last borrowed | Cost, replacement price | Koha item type |
|---|---|---|---|---|---|---|---|---|---|---|---|---|---|---|---|---|---|---|---|---|
| Dewey Decimal Classification | Scientific home BookShop | Central Library | Central Library | Second Floor | 14/10/2018 | Purchase | 400.00 | 2690 | 1 | 720.1 INT | 000043238 | 18/12/2021 | 17/11/2021 | 17/11/2021 | 500.00 | Book - Borrowing |